000 00669cam a2200193 4500
001 WB3625-16
008 000000n2000 000 0 eng u
035 _a(Sirsi) u106769
245 _aIreland: housing tax measures
260 _c2000
490 _aIrish Times
_v 23 June 2000, 2(1)
520 _aA second Finance Bill has been presented with measures introduced to ease price pressure on the housing market. The Bill aims to strengthen the position of first time buyers.
590 _aWB
650 _aHOUSING MARKET
650 _aIRELAND
650 _aFIRST-TIME BUYERS
690 _aPROPERTY-RESIDENTIAL PROPERTY-RESIDENTIAL PROPERTY MARKET
942 _n0
999 _c63899
_d63899